| 000 | 00651nam a22001457a 4500 | ||
|---|---|---|---|
| 020 | _a978-0-141-32491-3 | ||
| 082 |
_a823 _bKIN/D |
||
| 100 | _aKINNEY, JEFF | ||
| 245 |
_aDIARY OF A WIMPY KID _bRODRICK RULES |
||
| 260 |
_aUNITED KINGDOM _bPUFFIN BOOKS _c2008 |
||
| 300 | _a216 | ||
| 520 | _aRodrick rules is about Greg and his big brother Rodricks relationship. It's also about Greg and his life in and outside of school. We get to know Rodrick more then we do in the other books. We also get to know the embarrassing thing that happened to Greg and that Rodrick knows what it is. | ||
| 650 |
_aYOUNG ADULT FICTION COMEDY _zUNITED KINGDOM |
||
| 942 | _cBK | ||
| 999 |
_c6178 _d6178 |
||